Pre University Physics (Record no. 229092)
[ view plain ]
| 000 -LEADER | |
|---|---|
| fixed length control field | 00311nam a22001337a 4500 |
| 005 - DATE AND TIME OF LATEST TRANSACTION | |
| control field | 20231102145853.0 |
| 008 - FIXED-LENGTH DATA ELEMENTS--GENERAL INFORMATION | |
| fixed length control field | 231102b ||||| |||| 00| 0 eng d |
| 040 ## - CATALOGING SOURCE | |
| Transcribing agency | AL |
| 041 ## - LANGUAGE CODE | |
| Language code of text/sound track or separate title | English |
| 082 ## - DEWEY DECIMAL CLASSIFICATION NUMBER | |
| Edition number | 23 |
| Classification number | 530 |
| Item number | RAOP |
| 100 ## - MAIN ENTRY--PERSONAL NAME | |
| Personal name | RAO (M A R) |
| 100 ## - MAIN ENTRY--PERSONAL NAME | |
| 9 (RLIN) | 140642 |
| 245 ## - TITLE STATEMENT | |
| Title | Pre University Physics |
| 942 ## - ADDED ENTRY ELEMENTS (KOHA) | |
| Source of classification or shelving scheme | Dewey Decimal Classification |
| Koha item type | Special Grants |
| Withdrawn status | Lost status | Source of classification or shelving scheme | Damaged status | Not for loan | Collection code | Home library | Current library | Date acquired | Total Checkouts | Full call number | Barcode | Date last seen | Price effective from | Koha item type |
|---|---|---|---|---|---|---|---|---|---|---|---|---|---|---|
| Discarded | Dewey Decimal Classification | Physics | St Aloysius Library | St Aloysius Library | 11/02/2023 | 530 RAOP | SG00130 | 11/02/2023 | 11/02/2023 | Special Grants |